[Event "XXI Festival A"]
[Site "Porto San Giorgio ITA"]
[Date "2009.08.22"]
[Round "2"]
[White "Rinaudo, Andrea"]
[Black "Kohlweyer, Bernd"]
[Result "1/2-1/2"]
[WhiteElo "2101"]
[BlackElo "2418"]
[PlyCount "88"]
[EventDate "2009.08.21"]

1. e4 c5 2. Nf3 e6 3. d4 cxd4 4. Nxd4 a6 5. Bd3 Nf6 6. O-O d6 7. c4 g6 8. Nc3
Bg7 9. Be3 O-O 10. Rc1 Nbd7 11. b3 Re8 12. f3 d5 13. exd5 exd5 14. Qd2 dxc4 15.
Bxc4 Nb6 16. Nce2 Nxc4 17. Rxc4 b5 18. Rcc1 Bb7 19. Rfd1 Nd5 20. Bf2 Rc8 21.
Rxc8 Qxc8 22. Rc1 Qd7 23. Kf1 h5 24. Rd1 Be5 25. h3 Qc7 26. Rc1 Qd6 27. Rd1 Qf6
28. Kg1 Rc8 29. Rc1 Rd8 30. Rd1 Rc8 31. Rc1 Rxc1+ 32. Qxc1 Qd6 33. Qd2 Qc7 34.
Qc2 Qd6 35. Kf1 b4 36. Kg1 a5 37. Kf1 Ba6 38. Ke1 Nf4 39. Nxf4 Bxd4 40. Bxd4
Qxd4 41. Ne2 Qe5 42. Kf2 h4 43. Qd2 Bxe2 44. Qxe2 Qd4+ 1/2-1/2

[Event "XXI Festival A"]
[Site "Porto San Giorgio ITA"]
[Date "2009.08.22"]
[Round "2"]
[White "Rinaudo, Sergio"]
[Black "Roeder, Matthias"]
[Result "0-1"]
[WhiteElo "2117"]
[BlackElo "2438"]
[PlyCount "62"]
[EventDate "2009.08.21"]

1. d4 Nf6 2. Nf3 e6 3. e3 b6 4. Bd3 Bb7 5. O-O Be7 6. c4 O-O 7. Nc3 d5 8. b3
dxc4 9. bxc4 c5 10. Qe2 Nc6 11. Rd1 cxd4 12. exd4 Nb4 13. Bb1 Rc8 14. Ne5 Re8
15. Bg5 g6 16. a3 Nc6 17. Nxc6 Rxc6 18. Bc2 Nd5 19. Bd2 Ba6 20. Ba4 Bxc4 21.
Qf3 b5 22. Bxb5 Bxb5 23. Nxb5 Qd7 24. Nc3 Nxc3 25. Bxc3 Rec8 26. Rd3 Rd6 27.
Rad1 Rd5 28. Bd2 Bf8 29. Bf4 Bg7 30. Be5 Bxe5 31. dxe5 Rxd3 0-1

[Event "XXI Festival A"]
[Site "Porto San Giorgio ITA"]
[Date "2009.08.22"]
[Round "2"]
[White "Sanikidze, Tornike"]
[Black "Cerquitella, Luca"]
[Result "1-0"]
[WhiteElo "2559"]
[BlackElo "2261"]
[PlyCount "123"]
[EventDate "2009.08.21"]

1. d4 Nf6 2. c4 c5 3. e3 e6 4. Nf3 cxd4 5. exd4 d5 6. Nc3 Be7 7. Bd3 dxc4 8.
Bxc4 O-O 9. O-O Nc6 10. a3 b6 11. Qd3 Bb7 12. Ba2 Qd6 13. Bg5 Rfd8 14. Rad1 Ng4
15. Ne4 Qc7 16. Qc2 Rac8 17. h3 Bxg5 18. Nexg5 Nf6 19. d5 exd5 20. Rxd5 Rxd5
21. Bxd5 Nd8 22. Qxc7 Rxc7 23. Bxb7 Nxb7 24. Nd4 h6 25. Ngf3 Nc5 26. Ne5 a6 27.
Rd1 Na4 28. Rd2 Rc1+ 29. Kh2 Rb1 30. b3 Nc5 31. b4 Nb3 32. Nxb3 Rxb3 33. Rd6
Rxa3 34. Rxb6 Nd5 35. Rb8+ Kh7 36. Nxf7 Rb3 37. Rh8+ Kg6 38. Ne5+ Kf6 39. Nc6
Rc3 40. Rf8+ Kg6 41. Ne5+ Kh7 42. f4 Rc2 43. f5 Ne3 44. Kg3 h5 45. Kf4 Nd5+ 46.
Ke4 Nf6+ 47. Kf3 Rc3+ 48. Ke2 Rc2+ 49. Kf1 Rc1+ 50. Kf2 Rb1 51. Nf7 Ng8 52.
Ng5+ Kh8 53. g4 hxg4 54. hxg4 Rxb4 55. Kg3 Rb3+ 56. Kh4 Rb1 57. Ne6 Rb7 58. Ra8
Kh7 59. g5 Rb4+ 60. Kh5 Rb7 61. g6+ Kh8 62. Ng5 1-0

[Event "XXI Festival A"]
[Site "Porto San Giorgio ITA"]
[Date "2009.08.22"]
[Round "2"]
[White "Stromboli, Carlo"]
[Black "Baklan, Vladimir"]
[Result "0-1"]
[WhiteElo "2289"]
[BlackElo "2639"]
[PlyCount "44"]
[EventDate "2009.08.21"]

1. e4 c5 2. Nf3 a6 3. b3 d6 4. Bb2 Nc6 5. h3 e5 6. Nc3 Nf6 7. Qe2 Be7 8. g4 Be6
9. Bg2 Rc8 10. O-O h5 11. g5 Nh7 12. h4 Nf8 13. Nd5 Ng6 14. Kh2 Bg4 15. Kg3 Nb4
16. Nxb4 cxb4 17. d4 Nxh4 18. dxe5 Bxg5 19. exd6 Qxd6+ 20. e5 Qg6 21. e6 Bf4+
22. Kxh4 f6 0-1

[Event "XXI Festival A"]
[Site "Porto San Giorgio ITA"]
[Date "2009.08.22"]
[Round "2"]
[White "Stromboli, Ettore"]
[Black "Movsziszian, Karen"]
[Result "0-1"]
[WhiteElo "2272"]
[BlackElo "2570"]
[PlyCount "81"]
[EventDate "2009.08.21"]

1. e4 g6 2. d4 Bg7 3. Nc3 d6 4. h3 a6 5. Nf3 b5 6. Bd3 Nd7 7. Ne2 e5 8. c3 Ngf6
9. O-O O-O 10. Ng3 Bb7 11. Re1 Re8 12. Bg5 h6 13. Bd2 c6 14. a4 Qc7 15. h4 Nf8
16. h5 Qe7 17. Nh4 N6h7 18. Nf3 Ne6 19. Qc1 Nhg5 20. Nxg5 hxg5 21. hxg6 fxg6
22. d5 Nf4 23. Bxf4 gxf4 24. dxc6 Bxc6 25. axb5 axb5 26. Rxa8 Rxa8 27. Nf1 Bf6
28. Qd1 Kg7 29. Qe2 Qd7 30. Nh2 Rh8 31. Ra1 Bd8 32. Nf3 Bb6 33. Nh2 Rh4 34. Ra6
Qb7 35. Nf3 Rh5 36. Ra1 Kf6 37. Kf1 Rh1+ 38. Ng1 Qh7 39. Qg4 Bd7 40. Qd1 Qh2
41. Ke2 0-1

[Event "XXI Festival A"]
[Site "Porto San Giorgio ITA"]
[Date "2009.08.22"]
[Round "2"]
[White "Suppa, Ercole"]
[Black "Mogranzini, Roberto"]
[Result "1/2-1/2"]
[WhiteElo "2100"]
[BlackElo "2415"]
[PlyCount "136"]
[EventDate "2009.08.21"]

1. d4 Nf6 2. Nf3 g6 3. Nc3 d5 4. Bf4 Bg7 5. e3 O-O 6. Be2 c5 7. O-O cxd4 8.
exd4 Nc6 9. Ne5 Qb6 10. Nxc6 Qxc6 11. Be5 Be6 12. Nb5 Rfc8 13. c3 a6 14. Na3
Bh6 15. Bxf6 exf6 16. Bg4 f5 17. Bf3 b5 18. Nc2 a5 19. a3 Rab8 20. Be2 Bg5 21.
f4 Be7 22. Rc1 Bd6 23. Qe1 Bd7 24. Qh4 Re8 25. Bf3 Be6 26. g3 Qc4 27. Ne3 Qa2
28. Rb1 b4 29. axb4 axb4 30. c4 dxc4 31. Nd5 Bxd5 32. Bxd5 Qa7 33. Qf6 Bf8 34.
Rfe1 Bg7 35. Rxe8+ Rxe8 36. Qc6 Qxd4+ 37. Kh1 Rd8 38. Bxc4 Qe4+ 39. Qxe4 fxe4
40. Re1 Rd4 41. b3 Kf8 42. Kg2 f5 43. Re2 Rd7 44. Ra2 Bd4 45. Ra5 Rc7 46. h3
Bc5 47. g4 Ke7 48. Ra6 Bd6 49. gxf5 gxf5 50. Kg3 Rb7 51. Bg8 h6 52. Bh7 Rb5 53.
Ra7+ Kf6 54. Bg8 Rc5 55. Bc4 Rc6 56. h4 h5 57. Ra6 Rxa6 58. Bxa6 Bc5 59. Bc4
Be3 60. Be2 Kg6 61. Bc4 Bd2 62. Be2 Be1+ 63. Kh3 Bf2 64. Bd1 Be1 65. Be2 e3 66.
Bf3 Bc3 67. Be2 Bf6 68. Kg3 Bc3 1/2-1/2

[Event "XXI Festival A"]
[Site "Porto San Giorgio ITA"]
[Date "2009.08.22"]
[Round "2"]
[White "Tomescu, Vlad"]
[Black "Piantoni, Roberto"]
[Result "1-0"]
[WhiteElo "2422"]
[BlackElo "2111"]
[PlyCount "29"]
[EventDate "2009.08.21"]

1. e4 c6 2. d4 d5 3. e5 c5 4. dxc5 Nc6 5. Bb5 e6 6. Be3 Nge7 7. Nf3 Bd7 8. Nc3
Qc7 9. O-O Nf5 10. Qd2 Be7 11. Bf4 Qa5 12. a3 Nxe5 13. Nxe5 Bxb5 14. b4 Qa6 15.
Nxb5 1-0

[Event "XXI Festival A"]
[Site "Porto San Giorgio ITA"]
[Date "2009.08.22"]
[Round "2"]
[White "Vuelban, Virgilio"]
[Black "Sbraccia, Giovanni"]
[Result "1-0"]
[WhiteElo "2404"]
[BlackElo "2102"]
[PlyCount "63"]
[EventDate "2009.08.21"]

1. c4 Nf6 2. Nc3 a6 3. e4 d6 4. d4 Nbd7 5. Nf3 c5 6. d5 b5 7. cxb5 g6 8. a4 Bg7
9. h3 O-O 10. Bd2 Bb7 11. bxa6 Bxa6 12. Bb5 e6 13. dxe6 fxe6 14. O-O Bxb5 15.
axb5 d5 16. Ng5 Qb6 17. Na4 Qd6 18. exd5 exd5 19. Re1 Rae8 20. Nc3 Rxe1+ 21.
Bxe1 h6 22. Ra6 Qe5 23. Ne6 Re8 24. f4 Qb8 25. Nxd5 Qxb5 26. Ndc7 Qb7 27. Nxe8
Nxe8 28. Nxg7 Kxg7 29. Bc3+ Kf7 30. Qd3 Ndf6 31. Bxf6 Nxf6 32. Qd6 1-0

[Event "XXI Festival A"]
[Site "Porto San Giorgio ITA"]
[Date "2009.08.23"]
[Round "3"]
[White "Aleksic, Nenad"]
[Black "Sanikidze, Tornike"]
[Result "0-1"]
[WhiteElo "2367"]
[BlackElo "2559"]
[PlyCount "58"]
[EventDate "2009.08.21"]

1. e4 c5 2. Nf3 d6 3. d4 cxd4 4. Nxd4 Nf6 5. Nc3 Nc6 6. Bg5 Bd7 7. Be2 Qa5 8.
Bxf6 gxf6 9. f4 Nxd4 10. Qxd4 Bg7 11. O-O-O O-O 12. f5 Rfc8 13. Kb1 Qc5 14. Qd3
b5 15. Nd5 Kf8 16. Rc1 a5 17. Qh3 Bc6 18. Rhd1 Qf2 19. Bf1 b4 20. Rd3 Bxd5 21.
exd5 a4 22. Rg3 b3 23. Qxh7 bxc2+ 24. Ka1 Qxf1 25. Qxg7+ Ke8 26. Qh6 Qxf5 27.
a3 Qxd5 28. Re3 Kd7 29. Qh3+ e6 0-1

[Event "XXI Festival A"]
[Site "Porto San Giorgio ITA"]
[Date "2009.08.23"]
[Round "3"]
[White "Altini, Nicola"]
[Black "Farago, Ivan"]
[Result "0-1"]
[WhiteElo "2078"]
[BlackElo "2511"]
[PlyCount "88"]
[EventDate "2009.08.21"]

1. d4 Nf6 2. Nf3 e6 3. e3 c5 4. Bd3 b6 5. Nbd2 Bb7 6. b3 Be7 7. Bb2 O-O 8. O-O
Nc6 9. a3 Rc8 10. c4 cxd4 11. exd4 d5 12. Ne5 dxc4 13. Ndxc4 b5 14. Nxc6 Bxc6
15. Ne5 Bb7 16. a4 b4 17. Bc4 Nd5 18. Qd2 Nb6 19. Bd3 Qd5 20. f4 Qxb3 21. Qe2
Qd5 22. f5 f6 23. Nf3 Nc4 24. fxe6 Nxb2 25. Qxb2 Rc3 26. Qe2 f5 27. Rac1 Rfc8
28. Rcd1 g6 29. Ba6 Rc2 30. Bxb7 Qxb7 31. Qe5 Qe4 32. Qxe4 fxe4 33. Ne5 b3 34.
Rb1 b2 35. d5 Rd2 36. Nc6 Bc5+ 37. Kh1 Rxd5 38. e7 Rd2 39. Rfd1 e3 40. h4 Kf7
41. Rf1+ Rf2 42. Ne5+ Kxe7 43. Rxf2 exf2 44. Nd3 Be3 0-1

[Event "XXI Festival A"]
[Site "Porto San Giorgio ITA"]
[Date "2009.08.23"]
[Round "3"]
[White "Baklan, Vladimir"]
[Black "Ortega, Lexy"]
[Result "1/2-1/2"]
[WhiteElo "2639"]
[BlackElo "2437"]
[PlyCount "77"]
[EventDate "2009.08.21"]

1. e4 e5 2. Nf3 Nc6 3. Bb5 Nf6 4. Qe2 a6 5. Ba4 b5 6. Bb3 Be7 7. c3 O-O 8. O-O
d5 9. d3 Re8 10. Rd1 h6 11. Nbd2 Bf8 12. Nf1 Na5 13. Bc2 c5 14. Ng3 d4 15. h3
Nc6 16. Bb3 Na5 17. Bc2 Nc6 18. Bd2 Be6 19. Nf5 Bxf5 20. exf5 Qd7 21. g4 Rad8
22. cxd4 cxd4 23. Qf1 e4 24. dxe4 Nxe4 25. Be1 Nc5 26. b4 Ne4 27. a4 Qd5 28.
axb5 axb5 29. Qg2 Ng5 30. Nxg5 hxg5 31. Qxd5 Rxd5 32. f3 Bxb4 33. Be4 Rc5 34.
Bxb4 Nxb4 35. Rxd4 Nc2 36. Rc1 Nxd4 37. Rxc5 Ne2+ 38. Kf2 Nf4 39. Rxb5 1/2-1/2

[Event "XXI Festival A"]
[Site "Porto San Giorgio ITA"]
[Date "2009.08.23"]
[Round "3"]
[White "Borgo, Giulio"]
[Black "Fedorchuk, Sergey A."]
[Result "1/2-1/2"]
[WhiteElo "2433"]
[BlackElo "2655"]
[PlyCount "153"]
[EventDate "2009.08.21"]

1. Nf3 Nf6 2. c4 b6 3. g3 Bb7 4. Bg2 e6 5. O-O Be7 6. Nc3 O-O 7. Re1 Ne4 8.
Nxe4 Bxe4 9. d3 Bb7 10. e4 c5 11. d4 cxd4 12. Nxd4 d6 13. a4 Qc8 14. b3 Nc6 15.
Ra2 a6 16. Ba3 Rd8 17. Rd2 h6 18. Nxc6 Qxc6 19. Bb4 Qc7 20. h4 Bc6 21. Re3 b5
22. cxb5 axb5 23. a5 Qb7 24. Kh2 Bf8 25. Rc2 d5 26. Bxf8 Kxf8 27. Qd4 Kg8 28.
Qb6 d4 29. Rd3 Qxb6 30. axb6 Bb7 31. e5 Rab8 32. Bxb7 Rxb7 33. Rc6 Kf8 34. Kg2
Rd5 35. Kf3 Ke7 36. Ke4 Kd7 37. Rc2 Rxb6 38. Rxd4 Rxd4+ 39. Kxd4 Ra6 40. b4 g6
41. Rc5 Rb6 42. Ke4 Rb7 43. f3 Rb8 44. g4 Rb7 45. f4 Rb6 46. h5 Rb8 47. Kf3
gxh5 48. gxh5 Rb7 49. Ke3 Rb6 50. Ke4 Rb8 51. Kf3 Rb6 52. Ke3 Rb7 53. f5 Rc7
54. Rxb5 Rc4 55. Kd3 Rh4 56. f6 Rxh5 57. Kc4 Kc6 58. Rc5+ Kb6 59. Rb5+ Kc6 60.
Ra5 Kb6 61. Rb5+ Kc6 62. Rc5+ Kb6 63. Kb3 Rf5 64. Ka4 h5 65. Rb5+ Kc6 66. Ka5
h4 67. Ka6 h3 68. Rc5+ Kd7 69. Kb7 h2 70. Rc7+ Kd8 71. Rc8+ Kd7 72. Rc7+ Kd8
73. Rc8+ Kd7 74. Rc7+ Kd8 75. Rc8+ Kd7 76. Rc7+ Kd8 77. Rc8+ 1/2-1/2

[Event "XXI Festival A"]
[Site "Porto San Giorgio ITA"]
[Date "2009.08.23"]
[Round "3"]
[White "Bove, Raffaele"]
[Black "Caprio, Guido"]
[Result "0-1"]
[WhiteElo "1964"]
[BlackElo "2212"]
[PlyCount "80"]
[EventDate "2009.08.21"]

1. e4 c5 2. Nf3 d6 3. c3 Nf6 4. Be2 Bd7 5. d3 g6 6. Bg5 Bg7 7. O-O h6 8. Bf4
O-O 9. Re1 Nc6 10. Bf1 e5 11. Bd2 Nh5 12. b4 b6 13. b5 Ne7 14. c4 f5 15. Nc3 f4
16. Nh4 Nf6 17. g3 g5 18. Ng2 Qe8 19. Be2 Bh3 20. a4 Qf7 21. Rf1 Ng6 22. a5 h5
23. axb6 axb6 24. Rxa8 Rxa8 25. f3 Bh6 26. Qc1 g4 27. Rf2 fxg3 28. hxg3 Bxd2
29. Qxd2 Ra1+ 30. Nd1 h4 31. Qg5 hxg3 32. Rf1 Bxg2 33. Kxg2 Nh5 34. fxg4 Nhf4+
35. Rxf4 exf4 36. Qd8+ Kh7 37. Nc3 Qe8 38. Qf6 Qe5 39. Nd5 Qxf6 40. Nxf6+ Kh6
0-1

[Event "XXI Festival A"]
[Site "Porto San Giorgio ITA"]
[Date "2009.08.23"]
[Round "3"]
[White "Boyarchenko, Marie"]
[Black "Stromboli, Carlo"]
[Result "1/2-1/2"]
[WhiteElo "2028"]
[BlackElo "2289"]
[PlyCount "81"]
[EventDate "2009.08.21"]

1. e4 c5 2. Nf3 Nc6 3. Bb5 g6 4. Bxc6 dxc6 5. d3 Bg7 6. h3 Qc7 7. O-O h5 8. Nc3
Bg4 9. Re1 Bc8 10. Be3 b6 11. Rb1 Bb7 12. a4 a5 13. Ne2 Rd8 14. Nd2 Nh6 15. Bf4
e5 16. Be3 O-O 17. Ng3 Rd7 18. Qe2 f6 19. Nf3 Rdd8 20. Rec1 Qf7 21. Qd2 Kh7 22.
Qe2 Bc8 23. Rd1 Be6 24. b3 Kh8 25. Qd2 Ng8 26. Kh2 g5 27. Qe2 Qg6 28. Nd2 h4
29. Ngf1 Rf7 30. Nc4 Rb7 31. Rb2 Nh6 32. f3 Ra8 33. Ra1 Bf8 34. Bd2 Nf7 35.
Nfe3 Nd8 36. Bc3 Bd7 37. Qf2 Ne6 38. Rbb1 Nf4 39. Ng4 Bg7 40. Nd6 Rc7 41. Nc4
1/2-1/2

[Event "XXI Festival A"]
[Site "Porto San Giorgio ITA"]
[Date "2009.08.23"]
[Round "3"]
[White "Castaldo, Folco"]
[Black "Suppa, Ercole"]
[Result "1-0"]
[WhiteElo "2401"]
[BlackElo "2100"]
[PlyCount "175"]
[EventDate "2009.08.21"]

1. e4 e6 2. f4 d5 3. e5 c5 4. Nf3 Ne7 5. c3 Nec6 6. Na3 Be7 7. Nc2 b6 8. Be2
Ba6 9. d3 O-O 10. O-O Nd7 11. Rb1 f6 12. exf6 Bxf6 13. d4 Bxe2 14. Qxe2 Re8 15.
Be3 Ne7 16. Rbd1 Nf5 17. Bf2 Qc7 18. Ne5 Rac8 19. Rd3 cxd4 20. Nxd7 Qxd7 21.
Nxd4 Nd6 22. Nf3 Qa4 23. a3 Qe4 24. Qxe4 Nxe4 25. Bd4 Nc5 26. Re3 Nb3 27. Bxf6
gxf6 28. Rd1 Rc5 29. Ne1 Kf7 30. Rh3 Rh8 31. Nd3 Rc7 32. Re3 d4 33. cxd4 Nxd4
34. Nb4 Rd7 35. Kf2 Rhd8 36. Red3 e5 37. fxe5 fxe5 38. Nc6 Rf8 39. Nxe5+ Ke6+
40. Nf3 Nxf3 41. gxf3 Rxd3 42. Rxd3 Rc8 43. Rc3 Rd8 44. Ke3 Rd7 45. Rc4 Rg7 46.
Re4+ Kf5 47. Rf4+ Ke5 48. Re4+ Kf5 49. Rf4+ Ke5 50. Rg4 Rc7 51. Rg5+ Kf6 52.
Rb5 Rc4 53. Rd5 Rc2 54. Rd2 Rc7 55. a4 Ke5 56. f4+ Kf5 57. Rd5+ Ke6 58. Re5+
Kf6 59. Kf3 Rc2 60. Re2 Rc4 61. Re4 Rc2 62. Re2 Rc4 63. b3 Rc3+ 64. Re3 Rc2 65.
h3 Rc7 66. Rd3 Kf5 67. Rd5+ Kf6 68. Rd6+ Kf5 69. Rd5+ Kf6 70. Ke4 Re7+ 71. Re5
Rc7 72. Rf5+ Ke6 73. Re5+ Kf6 74. Rf5+ Ke6 75. Rh5 Kf6 76. Rh6+ Kg7 77. Rd6 Kf7
78. h4 Kg7 79. Ke5 Kf7 80. h5 Re7+ 81. Kf5 Rc7 82. Kg5 Kg7 83. h6+ Kf7 84. Rd8
Ke7 85. Rg8 Rc5+ 86. f5 Rc3 87. Rg7+ Kf8 88. Rxh7 1-0

[Event "XXI Festival A"]
[Site "Porto San Giorgio ITA"]
[Date "2009.08.23"]
[Round "3"]
[White "Estremera Panos, Sergio"]
[Black "Epishin, Vladimir V."]
[Result "1/2-1/2"]
[WhiteElo "2394"]
[BlackElo "2592"]
[PlyCount "73"]
[EventDate "2009.08.21"]

1. d4 e6 2. c4 Bb4+ 3. Nc3 f5 4. e3 Nf6 5. Bd3 Bxc3+ 6. bxc3 Nc6 7. Ne2 d6 8.
Qc2 Qd7 9. Ng3 Qf7 10. O-O O-O 11. Rb1 b6 12. e4 Kh8 13. exf5 exf5 14. Nxf5
Bxf5 15. Bxf5 Qxc4 16. Bg5 h6 17. Bd3 Qg8 18. Bd2 Nd5 19. g3 Rf6 20. Qa4 Nde7
21. Rbe1 Raf8 22. Bb5 Qf7 23. Bxc6 Nxc6 24. Qxc6 Rxf2 25. Bf4 Rxf1+ 26. Rxf1
Kg8 27. Qg2 Qc4 28. Bd2 Rxf1+ 29. Qxf1 Qxa2 30. Qd3 Qb3 31. d5 a5 32. Qd4 b5
33. Qe4 a4 34. Qe8+ Kh7 35. Qe4+ Kg8 36. Qe8+ Kh7 37. Qe4+ 1/2-1/2

[Event "XXI Festival A"]
[Site "Porto San Giorgio ITA"]
[Date "2009.08.23"]
[Round "3"]
[White "Faccia, Sergio"]
[Black "Stromboli, Ettore"]
[Result "1-0"]
[WhiteElo "2023"]
[BlackElo "2272"]
[PlyCount "151"]
[EventDate "2009.08.21"]

1. e4 e6 2. c4 d5 3. cxd5 exd5 4. d4 Bb4+ 5. Nc3 dxe4 6. Bc4 Ne7 7. Nge2 O-O 8.
O-O Nd7 9. Nxe4 Nb6 10. Bb3 Ned5 11. N2g3 h6 12. Qh5 Nf6 13. Qh4 Nxe4 14. Qxe4
Kh8 15. Bc2 f5 16. Qf3 Qd5 17. Qh5 Qf7 18. Qf3 Nd5 19. a3 Bd6 20. Bd2 Bd7 21.
b4 c6 22. Rab1 Qf6 23. Rfd1 Rae8 24. a4 Qh4 25. h3 Bxg3 26. fxg3 Qxd4+ 27. Kh2
Qf6 28. b5 Qe6 29. Re1 Qd6 30. Red1 Qc5 31. Bb3 Nf6 32. Rbc1 Qe7 33. Bc3 Ne4
34. Ba1 cxb5 35. Rc7 Rd8 36. axb5 Nf6 37. b6 axb6 38. Bxf6 Rxf6 39. Qxb7 Rd6
40. Ba4 Rxd1 41. Bxd1 Qd6 42. Bf3 b5 43. Qa7 b4 44. Rb7 Be6 45. Rxg7 Rd7 46.
Rxd7 Bxd7 47. Qa8+ Kh7 48. Bd5 Kg7 49. Bb3 Be6 50. Bxe6 Qxe6 51. Qb7+ Kg6 52.
Qxb4 Kg7 53. Qf4 Kh7 54. h4 Kg6 55. Kh3 Kh7 56. h5 Qf7 57. Qf3 Qd7 58. Kh2 Qe6
59. Qb7+ Kh8 60. Qb8+ Kh7 61. Qc7+ Kh8 62. Qd8+ Kh7 63. Qf8 Qd7 64. Qf6 Qe8 65.
Qxf5+ Kg7 66. Kh3 Qc6 67. Qg4+ Kh7 68. Qf5+ Kg7 69. Qg6+ Qxg6 70. hxg6 Kxg6 71.
Kh4 Kf6 72. Kh5 Kf5 73. Kh4 Ke4 74. g4 Kf4 75. Kh5 Ke3 76. g5 1-0

[Event "XXI Festival A"]
[Site "Porto San Giorgio ITA"]
[Date "2009.08.23"]
[Round "3"]
[White "Giancotti, Eraldo"]
[Black "Calzetta Ruiz, Monica"]
[Result "0-1"]
[WhiteElo "2100"]
[BlackElo "2344"]
[PlyCount "60"]
[EventDate "2009.08.21"]

1. d4 Nf6 2. Nf3 c5 3. d5 g6 4. Nc3 d6 5. e4 Bg7 6. a4 O-O 7. Be2 Na6 8. O-O
Nc7 9. Nd2 b6 10. Nc4 Ba6 11. Be3 Bxc4 12. Bxc4 a6 13. f3 Nd7 14. Qd2 Rb8 15.
Rfb1 b5 16. axb5 axb5 17. Be2 b4 18. Nd1 Re8 19. Bg5 Nb5 20. Bxb5 Rxb5 21. c4
bxc3 22. bxc3 Qb6 23. Rxb5 Qxb5 24. Qc2 h6 25. Rb1 Qa6 26. Bh4 Ne5 27. Be1 Ra8
28. Ne3 Qd3 29. Bd2 Qxc2 30. Nxc2 Ra2 0-1

[Event "XXI Festival A"]
[Site "Porto San Giorgio ITA"]
[Date "2009.08.23"]
[Round "3"]
[White "Gordon, Stephen J."]
[Black "Di Martino, Antonio"]
[Result "1-0"]
[WhiteElo "2537"]
[BlackElo "1876"]
[PlyCount "77"]
[EventDate "2009.08.21"]

1. d4 d5 2. c4 e6 3. Nc3 Nf6 4. cxd5 exd5 5. Bg5 Be7 6. e3 O-O 7. Bd3 c6 8. Qc2
h6 9. Bh4 Be6 10. Nge2 Re8 11. h3 Nbd7 12. g4 Ne4 13. Bxe7 Qxe7 14. Nxe4 dxe4
15. Bxe4 Nf6 16. Bg2 Bd5 17. O-O Rad8 18. Ng3 Bxg2 19. Kxg2 Qd6 20. Qb3 Qd5+
21. Qxd5 Rxd5 22. Rfc1 h5 23. gxh5 Nxh5 24. Nxh5 Rxh5 25. Rc3 Re6 26. Rh1 Rg6+
27. Kf1 Rgh6 28. Rb3 b6 29. Rc3 Kf8 30. Ke2 Ke7 31. Rg1 g5 32. b4 Kd7 33. Ra3
f6 34. Rxa7+ Kd6 35. Rc1 Rh8 36. a4 Rxh3 37. Rb7 Rh1 38. Rxh1 Rxh1 39. b5 1-0

[Event "XXI Festival A"]
[Site "Porto San Giorgio ITA"]
[Date "2009.08.23"]
[Round "3"]
[White "Hera, Imre jr"]
[Black "Eperjesi, Laszlo"]
[Result "1-0"]
[WhiteElo "2557"]
[BlackElo "2250"]
[PlyCount "47"]
[EventDate "2009.08.21"]

1. e4 c6 2. d4 d5 3. e5 Bf5 4. Nf3 e6 5. Be2 Nd7 6. O-O Bg6 7. Nbd2 Nh6 8. Nb3
Nf5 9. Bd2 Be7 10. g4 Nh4 11. Nxh4 Bxh4 12. f4 Be4 13. Bd3 Bxd3 14. cxd3 Be7
15. Qf3 O-O 16. f5 Bg5 17. Bb4 Be7 18. Bd2 Bg5 19. Bxg5 Qxg5 20. Qg3 h5 21.
gxh5 Qxh5 22. f6 Qg6 23. Rf3 gxf6 24. Kh1 1-0

[Event "XXI Festival A"]
[Site "Porto San Giorgio ITA"]
[Date "2009.08.23"]
[Round "3"]
[White "Izsak, Gyula"]
[Black "Rizzo, Giovanbattista"]
[Result "1-0"]
[WhiteElo "2444"]
[BlackElo "2108"]
[PlyCount "79"]
[EventDate "2009.08.21"]

1. d4 Nf6 2. Nf3 d5 3. c4 e6 4. Nc3 Bb4 5. Qb3 c5 6. dxc5 Nc6 7. Bg5 h6 8. Bxf6
Qxf6 9. cxd5 exd5 10. e3 Be6 11. Bb5 Bxc5 12. O-O O-O 13. Rac1 Na5 14. Qd1 Rad8
15. Ne2 Bb6 16. Ned4 Bg4 17. Qa4 a6 18. Bd3 Rc8 19. Qb4 Rxc1 20. Rxc1 Rc8 21.
Rxc8+ Bxc8 22. h3 Bc7 23. Qc5 Qd6 24. Qxd6 Bxd6 25. Bf5 Bxf5 26. Nxf5 Bf8 27.
N5d4 Nc4 28. b3 Nd6 29. Nd2 g6 30. Ne2 Bg7 31. Kf1 Kf8 32. Nb1 Nb5 33. Ke1 Ke7
34. Kd2 Kd6 35. Kd3 Nc7 36. Nd4 Ne6 37. Nxe6 fxe6 38. e4 Kc5 39. exd5 exd5 40.
f4 1-0

[Event "XXI Festival A"]
[Site "Porto San Giorgio ITA"]
[Date "2009.08.23"]
[Round "3"]
[White "Kohlweyer, Bernd"]
[Black "La Gatta, Giovanni"]
[Result "1-0"]
[WhiteElo "2418"]
[BlackElo "2157"]
[PlyCount "55"]
[EventDate "2009.08.21"]

1. Nf3 Nf6 2. c4 c5 3. d4 cxd4 4. Nxd4 b6 5. Nc3 Bb7 6. f3 e6 7. e4 d6 8. Be2
Be7 9. O-O O-O 10. Be3 a6 11. Qd2 Nbd7 12. a4 Rc8 13. a5 bxa5 14. Nb3 Qc7 15.
Nxa5 Ba8 16. b4 Rb8 17. Rfc1 Rfc8 18. Na4 Rd8 19. Qe1 Bb7 20. Bf1 Bc8 21. b5
Nc5 22. Nxc5 dxc5 23. Nc6 Bd6 24. g3 axb5 25. cxb5 Bb7 26. Nxb8 Rxb8 27. Bf2 h5
28. e5 1-0

[Event "XXI Festival A"]
[Site "Porto San Giorgio ITA"]
[Date "2009.08.23"]
[Round "3"]
[White "Kovchan, Alexander"]
[Black "Parpinel, Marco"]
[Result "1-0"]
[WhiteElo "2554"]
[BlackElo "2165"]
[PlyCount "103"]
[EventDate "2009.08.21"]

1. e4 e5 2. Nf3 Nc6 3. d4 exd4 4. Nxd4 Bb4+ 5. c3 Bc5 6. Nxc6 bxc6 7. Bd3 Nf6
8. O-O d6 9. Nd2 O-O 10. Nb3 Bb6 11. h3 h6 12. Qf3 Re8 13. Nd4 c5 14. Nf5 Bxf5
15. Qxf5 c4 16. Bxc4 Rxe4 17. Bd3 Re5 18. Qf3 Rb8 19. Bf4 Re8 20. Rae1 Nd7 21.
Bc2 Qf6 22. Qd3 Nf8 23. Bg3 Qg6 24. Qxg6 Nxg6 25. Ba4 Rxe1 26. Rxe1 Kf8 27. Kf1
Ne7 28. Bf4 g5 29. Bc1 Ng6 30. Rd1 Kg7 31. b3 f5 32. b4 a5 33. Bb3 f4 34. a3
Re8 35. Bd5 Ne5 36. Bb2 Kf8 37. c4 Ng6 38. Bc3 axb4 39. axb4 Ne7 40. Bf3 Rd8
41. c5 Ba7 42. Ra1 Bb8 43. c6 d5 44. b5 d4 45. Bb4 Kf7 46. Ra8 d3 47. Ke1 Ke6
48. Kd2 Ng6 49. Bg4+ Kf6 50. Bc3+ Ne5 51. Bd7 h5 52. Ra4 1-0

[Event "XXI Festival A"]
[Site "Porto San Giorgio ITA"]
[Date "2009.08.23"]
[Round "3"]
[White "Maiorov, Nikita"]
[Black "Bozzali, Ermanno"]
[Result "1-0"]
[WhiteElo "2513"]
[BlackElo "2080"]
[PlyCount "67"]
[EventDate "2009.08.21"]

1. d4 d5 2. c4 e6 3. Nf3 Nf6 4. Nc3 dxc4 5. e4 Bb4 6. Bg5 c6 7. Bxc4 h6 8. Bxf6
Qxf6 9. O-O O-O 10. Qe2 Nd7 11. e5 Qd8 12. Ne4 Nb6 13. Bb3 Nd5 14. Rac1 Bd7 15.
Rfd1 Nf4 16. Qc4 Be7 17. g3 Nh3+ 18. Kg2 Ng5 19. Qe2 Nxf3 20. Qxf3 f5 21. Nc5
Qc8 22. d5 Bxc5 23. Rxc5 exd5 24. Rdxd5 Be6 25. Rd6 Bxb3 26. Qxb3+ Kh8 27. f4
Qc7 28. Rc2 Rad8 29. Rcd2 Rxd6 30. Rxd6 Rd8 31. Qe6 Rf8 32. Rd2 Qa5 33. Qd6 Kh7
34. b4 1-0

[Event "XXI Festival A"]
[Site "Porto San Giorgio ITA"]
[Date "2009.08.23"]
[Round "3"]
[White "Malloni, Marcello"]
[Black "Allegranti, Luca"]
[Result "1-0"]
[WhiteElo "2271"]
[BlackElo "2030"]
[PlyCount "71"]
[EventDate "2009.08.21"]

1. e4 e6 2. d4 d5 3. e5 c5 4. c3 Nc6 5. Nf3 Qb6 6. a3 c4 7. Nbd2 f6 8. b3 fxe5
9. bxc4 e4 10. Ng5 Nf6 11. Be2 Be7 12. O-O O-O 13. Kh1 Bd7 14. f3 h6 15. Nh3
exf3 16. Bxf3 Qa5 17. Qb3 Nd8 18. a4 Rc8 19. Nf4 b5 20. Ng6 Rf7 21. Nxe7+ Rxe7
22. Qa3 Re8 23. cxb5 Qxc3 24. Nb3 Nb7 25. Bb2 Qc7 26. Rfc1 Qd6 27. Nc5 Na5 28.
Be2 Ne4 29. Nxe4 Qxa3 30. Bxa3 dxe4 31. Rxc8 Rxc8 32. Rc1 Nb3 33. Rxc8+ Bxc8
34. Bc5 e3 35. Kg1 e5 36. Bc4+ 1-0

[Event "XXI Festival A"]
[Site "Porto San Giorgio ITA"]
[Date "2009.08.23"]
[Round "3"]
[White "Mogranzini, Roberto"]
[Black "Rinaudo, Andrea"]
[Result "1-0"]
[WhiteElo "2415"]
[BlackElo "2101"]
[PlyCount "101"]
[EventDate "2009.08.21"]

1. e4 c5 2. Nf3 Nc6 3. Nc3 e5 4. Bc4 d6 5. d3 Be7 6. Nd2 Nf6 7. Nf1 Bg4 8. f3
Be6 9. Ne3 O-O 10. O-O Rb8 11. a4 a6 12. Ned5 Bxd5 13. Bxd5 Nxd5 14. Nxd5 Bg5
15. Bxg5 Qxg5 16. c3 f5 17. Qb3 Kh8 18. Rae1 f4 19. Qb6 Rf7 20. Rc1 Qd8 21. Rf2
Ne7 22. Qb3 Nxd5 23. Qxd5 Rc7 24. Rd1 h6 25. d4 cxd4 26. cxd4 Qf6 27. Rfd2 Rbc8
28. h3 b6 29. Qb3 Rc6 30. d5 Rc4 31. Qxb6 Rxa4 32. b3 Rd4 33. Rxd4 exd4 34.
Qxd4 Qg5 35. Qb2 a5 36. Kh1 Rc5 37. Ra1 Qd8 38. Qd2 Qf6 39. Rxa5 Rc8 40. Ra2
Rc3 41. Rb2 Re3 42. b4 Re1+ 43. Qxe1 Qxb2 44. Qh4 Qc1+ 45. Kh2 Kh7 46. b5 g5
47. Qg4 Qc5 48. h4 gxh4 49. Qxf4 Qf2 50. Qxd6 Kg7 51. b6 1-0